| 000 | 00515nam a2200193 a 4500 | ||
|---|---|---|---|
| 001 | 4090 | ||
| 005 | 20140414131850.0 | ||
| 008 | 081223s19uu xx 00 eng d | ||
| 020 | _a0-439-78793-9 | ||
| 050 |
_aM 595.4 _bP12 2005 |
||
| 100 | _aPackard, Mary | ||
| 245 |
_aScorpions / _cby Mary Packard. |
||
| 260 |
_aNew York : _bScholastic, _cc2005. |
||
| 300 | _a47 p. : col., ill. ; cm. | ||
| 500 | _aIncludes index. | ||
| 650 |
_aScorpions _xJuvenile literature. |
||
| 650 | _aScorpions . | ||
| 999 |
_c110159 _d110159 |
||